Global value chains in a changing world.
| Other Authors: | , |
|---|---|
| Format: | Book |
| Published: |
Geneva:
World Trade Organization (WTO) Publications,
2013.
|
| Subjects: |
| LEADER | 00530cam a2200169 7i4500 | ||
|---|---|---|---|
| 001 | 0000030367 | ||
| 005 | 20131011090000.0 | ||
| 020 | 0 | 0 | |a 9789287038821 |
| 090 | 0 | 0 | |a I 337.1 |b GLO |
| 245 | 0 | 0 | |a Global value chains in a changing world. |
| 260 | 0 | 0 | |a Geneva: |b World Trade Organization (WTO) Publications, |c 2013. |
| 300 | # | # | |a 409 p. |
| 650 | 0 | 0 | |a International economic integration |
| 650 | 0 | 0 | |a Business networks |
| 700 | 1 | 0 | |a Low, |h Patrick |
| 700 | 1 | 0 | |a Elms, |h Deborah K. |
| 999 | |a 0000033295 |b Book |c International |e Business Information Centre | ||


